Pokemon Cities from their Gym Leaders - Statistics

General Stats
  • This quiz has been taken 15 times
  • The average score is 10 of 12
Answer Stats
Hint Answer % Correct
Norman Petalburg City
100%
Cilan/Chili/Cress Striaton City
100%
Sabrina Saffron City
93%
Roxie Virbank City
93%
Erika Celadon City
86%
Flannery Lavaridge Town
86%
Jasmine Olivine City
86%
Volkner Sunyshore City
86%
Morty Ecruteak City
79%
Brycen Icirrus City
64%
Viola Santalune City
64%
Nessa Hulbury
43%
No matching quizzes found
Score Distribution
Percent of People with Each Score
Percentile by Number Answered
Your Score History
You have not taken this quiz